logo

Bir Sreshtho Munshi Abdur Rouf Library
Jhenaidah Cadet College

State and Culture / (Record no. 11366)

MARC details
000 -LEADER
fixed length control field 00683nam a2200241 a 4500
001 - CONTROL NUMBER
JCCL Control Number 11366
003 - CONTROL NUMBER IDENTIFIER
JCCL marc code BD-JhCC
005 - DATE AND TIME OF LATEST TRANSACTION
control field 20190902120308.0
008 - FIXED-LENGTH DATA ELEMENTS--GENERAL INFORMATION
fixed length control field 190902s2007 bg a|||| |||| 001 0 eng d
020 ## - INTERNATIONAL STANDARD BOOK NUMBER
International Standard Book Number 984300000965
035 ## - SYSTEM CONTROL NUMBER
system control number (BD-JhCC)11366
040 ## - CATALOGING SOURCE
Original cataloging agency BD-JhCC
Modifying agency BD-JhCC
041 ## - LANGUAGE CODE
Language code of Book eng
082 ## - DEWEY DECIMAL CLASSIFICATION NUMBER
Classification number 954.92
Author mark and Year STA 2007
245 ## - TITLE STATEMENT
Title State and Culture /
Statement of responsibility, etc Edited by Emajuddin Ahamed and Harun-or-Rashid
260 ## - PUBLICATION, DISTRIBUTION, ETC. (IMPRINT)
Place of publication, distribution, etc Dhaka :
Name of publisher, distributor, etc Asiatic Society Bangladesh,
Date of publication, distribution, etc 2007
300 ## - PHYSICAL DESCRIPTION
Pagination xv, 634 p.:
Other physical details ill. ;
Dimensions 24 cm.
490 ## - SERIES STATEMENT
Series statement Cultural Survey of Bangladesh series - 3
650 ## - SUBJECT ADDED ENTRY--TOPICAL TERM
Geographic subdivision Bangladesh
700 ## - ADDED ENTRY--PERSONAL NAME
Personal name Ahamed, Emajuddin
700 ## - ADDED ENTRY--PERSONAL NAME
Personal name Harun-or-Rashid
942 ## - ADDED ENTRY ELEMENTS (KOHA)
Source of classification or shelving scheme Dewey Decimal Classification
Koha item type Books
Holdings
Source of classification or shelving scheme Damaged status Not for loan Home library Current library Shelving location Date of accession Cost, normal purchase price Total Checkouts Full call number Barcode Date last seen Copy number Koha item type
Dewey Decimal Classification     JCC Rouf Library JCC Rouf Library General Stacks 06/02/2019 637.00   954.92 STA 2007 15428 09/02/2019 C-1 Books
Dewey Decimal Classification     JCC Rouf Library JCC Rouf Library General Stacks 06/02/2019 637.00   954.92 STA 2007 15535 09/02/2019 C-2 Books

JCC Library | Contacts | JCC Home

Last Update on 23 September 2017
Copyright @ 2017-2020 JCC Rouf Library
Rouf Library, Jhenidah Cadet College (JCC), Bangladesh